6-Letter Movie Chain #3 - Statistics

General Stats
  • This quiz has been taken 36,472 times
  • The average score is 15 of 20
Answer Stats
Hint Answer % Correct
Toto, I've a feeling we're not in _____ anymore Kansas
92%
Take a red pill to exit this simulation Matrix
88%
Mr. Hitchcock Alfred
85%
Word that precedes Evil and Strangelove Doctor
85%
Film starring Travolta and Newton-John Grease
85%
People who appear in non-speaking roles in the background of a movie (plural) Extras
84%
1996 horror film with creepy masks starring Neve Campbell and Courteney Cox Scream
84%
French film festival locale Cannes
80%
De Niro film: ______ Bull Raging
79%
Snow White's short, narcoleptic pal Sleepy
79%
Color of Dick Tracy's trenchcoat Yellow
79%
A movie that tells a person's life story Biopic
75%
The volleyball in "Cast Away" Wilson
75%
2005 Spielberg film named after a city in Germany Munich
73%
U.S. state featured in "Into the Wild" Alaska
71%
What the bad guys did to the plane in "Air Force One" Hijack
68%
"I love the smell of _____ in the morning" Napalm
66%
The "Last King of Scotland" was about a dictator from this country Uganda
57%
Citizen Kane's mansion Xanadu
44%
Spider who lurks at the entrance to Mordor Shelob
31%
No matching quizzes found
Score Distribution
Percent of People with Each Score
Percentile by Number Answered
Your Score History
You have not taken this quiz